Statistics for 50 famous car manufacturers

Click here to take the quiz!

General Stats

  • This quiz has been taken 184 times
  • The average score is 34 of 50

Answer Stats

CountryAnswer% Correct
GermanyBMW
97%
USAFord
96%
JapanToyota
95%
GermanyMercedes Benz
92%
ItalyFerrari
91%
GermanyVolkswagen
91%
JapanHonda
90%
GermanyAudi
85%
ItalyFiat
85%
South KoreaKia
85%
ItalyLamborghini
85%
SwedenVolvo
85%
USAChevrolet
84%
South KoreaHyundai
83%
JapanNissan
81%
FranceRenault
77%
USADodge
76%
FrancePeugeot
76%
GermanyPorsche
76%
UKRolls-Royce
74%
FranceCitroën
73%
JapanMitsubishi
73%
UKAston Martin
71%
SwedenSaab
71%
Czech rep.Skoda
71%
UKBentley
70%
SpainSeat
69%
UKJaguar
68%
JapanSuzuki
66%
USAChrysler
65%
ItalyAlfa Romeo
62%
UKLand Rover
62%
JapanMazda
62%
FranceBugatti
61%
USAJeep
60%
JapanSubaru
60%
USACadillac
58%
GermanyOpel
58%
RomaniaDacia
56%
UKMini
56%
USATesla
53%
JapanLexus
50%
ItalyMaserati
49%
UKMcLaren
41%
ItalyLancia
40%
SwedenKoenigsegg
38%
UKLotus
37%
JapanIsuzu
36%
SwitzerlandSmart
23%
USAHummer
22%

Score Distribution

Percentile by Number Answered

Percent of People with Each Score

Your Score History

You have not taken this quiz